Sino-Czechoslovak cooperation on agricultural cooperatives: the twinning project
| Titel: | Sino-Czechoslovak cooperation on agricultural cooperatives: the twinning project / Daniela Kolenovska |
|---|---|
| Verfasser: | |
| In: |
Cold war history, Band 18, Heft 3 (2018), Seite 291-306 alle Artikel anzeigen |
| Veröffentlicht: | 2018 |
| Format: | Aufsatz |
| Sprache: | Englisch |
X
alg: 50647170 001A $03025:30-03-23 001B $01999:30-03-23 $t22:53:37.000 001D $03025:30-03-23 001U $0utf8 001X $00 002@ $0Oou 002C $aText $btxt $2rdacontent 002D $aComputermedien $bc $2rdamedia 002E $aOnline-Ressource $bcr $2rdacarrier 003@ $0506471705 007A $0506471705 $aHEB 009Q $uhttps://doi.org/10.1080/14682745.2017.1387775 $xH 010@ $aeng 010E $erda 011@ $a2018 021A $aSino-Czechoslovak cooperation on agricultural cooperatives: the twinning project $hDaniela Kolenovska 028A $BVerfasser $#Kolenovska, Daniėla $#Kolenovska, D. $4aut $71078333017 $8Kolenovská, Daniela$Z1976- [Tp3] $9366043404 031A $d18 $e3 $h291-306 $j2018 039B $aEnthalten in $8--Obvc--. Cold war history. - London : Cass, 2000-. - Online-Ressource. - ISSN 1743-7962 $x201800000180003709 $9104512997 044K $RTaiwan $#中国 $#中國 $#Rotchina $#Zhongguo Diguo $#Zhongguo-Diguo $#Kaiserreich Zhongguo $#Zhongguo Volksrepublik $#Chung-kuo Renmin-Gongheguo $#Zhonghua-minguo 1911-1949 $#Chung-hua-min-kuo 1911-1949 $#China Renmin-Gongheguo $#Zhonghua-Renmin-Gongheguo $#Kaiserreich China $#China Diguo $#PRC $#Zhongguo Renmin-Gongheguo $#Shinkoku $#Chung-hua-jen-min-kung-ho-kuo $#Zhonghua Renmin-Gongheguo $#Zhongguo $#China Volksrepublik $#Volksrepublik China $#Zhongguo $#VR China $#China People's Republic $#People's Republic of China $#Zhong guo $#PRC People's Republic of China $#Zhonghua renmin gongheguo $#République populaire de Chine $#Chung-kuo kuo min cheng fu $#China Republic : 1912-1949 $#Chine $#KNR Kytajsʹkaja Narodnaja Respublika $#Zhongguo renmin gongheguo $#Chinese People's Republic $#Kytajsʹkaja Narodnaja Respublika $#Chinese People’s Republic $#Republic of China 1912-1949 $#Chung-hua min kuo 1912-1949 $#Chung-kuo $#中华人民共和国 $74009937-4 $8China [Tg1] $908501933X 044K $RRelation $#Wechselbeziehung $#Beziehungen $74145198-3 $8Beziehung [Ts1] $9085577189 044K $RProtektorat Böhmen und Mähren $RSlowakei $RSlowakei $RTschechien $#Tschechoslowakei $#Tschechoslowakei $#Tschechische und Slowakische Föderative Republik $#République Tchéco-Slovaque $#Tchécoslovaquie $#Československá Federativní Republika $#Česká a Slovenská Federativní Republika $#Czech and Slovak Federal Republic $#ČSFR $#ČSSR $#ČSR $#RČS $#Československo $#Československá Socialistická Republika $#Československá Republika $#Tschechoslowakische Sozialistische Republik $#Tschechoslowakische Republik $#Tschechoslowakische Föderative Republik $#Republika Československá $#Czechoslovakia $#Čechoslovakische Republik $#République Tchécho-Slovaque $#Tchéchoslovaquie $#Czechoslovak Socialist Republic $#Checoeslovaquia $#Cecoslovacchia $#Čechoslovakija $#République tchécoslovaque $74078435-6 $8Tschechoslowakei [Tg1] $9085222305 044K $#collectivization $#Landwirtschaft Kollektivierung $#Zwangskollektivierung $74164682-4 $8Kollektivierung [Ts1] $9085734896 044K $RWirtschaftspolitik $#Agriculture and state $#Politique agricole $#Política agraria $#agricultural policies $#Agrarpolitik $#Agrarpolitik $#Landwirtschaftspolitik $74000771-6 $8Agrarpolitik [Ts1] $9084992433 045F $a630.943709045 $eDDC23BSB 045F/01 $a630.9 045F/03 $f09045 045F/03 $f0904 045F/03 $g437 045F/03 $g51 045G $a900.943709045 $eDDC23BSB 045G/01 $a900 045G/03 $f09045 045G/03 $f0904 045G/03 $g437 045G/03 $g51 045R $aGeschichte 1949-1961 045R/01 $aGeschichte 1949-2010 lok: 50647170 78 exp: 50647170 78 1 #EPN 201B/01 $030-03-23 $t14:25:22.000 201C/01 $030-03-23 201U/01 $0utf8 203@/01 $01230283048 208@/01 $a30-03-23 $be 209A/01 $a/ $f000 $x00 209A/01 $ab*p $x01 220C/01 $apgar 244Z/01 $#Tschechoslowakei $#Tschechoslowakei $#Tschechische und Slowakische Föderative Republik $#République Tchéco-Slovaque $#Tchécoslovaquie $#Československá Federativní Republika $#Česká a Slovenská Federativní Republika $#Czech and Slovak Federal Republic $#ČSFR $#ČSSR $#ČSR $#RČS $#Československo $#Československá Socialistická Republika $#Československá Republika $#Tschechoslowakische Sozialistische Republik $#Tschechoslowakische Republik $#Tschechoslowakische Föderative Republik $#Republika Československá $#Czechoslovakia $#Čechoslovakische Republik $#République Tchécho-Slovaque $#Tchéchoslovaquie $#Czechoslovak Socialist Republic $#Checoeslovaquia $#Cecoslovacchia $#Čechoslovakija $#République tchécoslovaque $74078435-6 $8--Tg1--Tschechoslowakei $x04 $9085222305 247C/01 $82080>Marburg/Lahn, Herder-Institut, Forschungsbibliothek, Bibliographieportal $9336309341
| LEADER | 00000caa a2200000 c 4500 | ||
|---|---|---|---|
| 001 | 506471705 | ||
| 003 | DE-603 | ||
| 005 | 20230330225337.0 | ||
| 007 | cr|||||||||||| | ||
| 008 | 230330s2018 xx |||| o| u00||u|eng c | ||
| 035 | |a (DE-599)HEB506471705 | ||
| 040 | |a DE-603 |b ger |c DE-603 |d DE-603 |e rda | ||
| 041 | |a eng | ||
| 082 | 0 | 4 | |8 1\u |a 630.943709045 |q DE-101 |2 23/BSB |
| 083 | 0 | |8 2\u |a 900.943709045 |q DE-101 |2 23/BSB | |
| 085 | |8 1\u |b 630.9 | ||
| 085 | |8 1\u |z 1 |s 09045 | ||
| 085 | |8 1\u |z 1 |s 0904 | ||
| 085 | |8 1\u |z 2 |s 437 | ||
| 085 | |8 1\u |z 2 |s 51 | ||
| 085 | |8 2\u |b 900 | ||
| 085 | |8 2\u |z 1 |s 09045 | ||
| 085 | |8 2\u |z 1 |s 0904 | ||
| 085 | |8 2\u |z 2 |s 437 | ||
| 085 | |8 2\u |z 2 |s 51 | ||
| 100 | 1 | |a Kolenovská, Daniela |d 1976- |e Verfasser |4 aut |0 (DE-603)366043404 |0 (DE-588)1078333017 |2 gnd | |
| 245 | 0 | 0 | |a Sino-Czechoslovak cooperation on agricultural cooperatives: the twinning project |c Daniela Kolenovska |
| 264 | 0 | |c 2018 | |
| 336 | |a Text |b txt |2 rdacontent | ||
| 337 | |a Computermedien |b c |2 rdamedia | ||
| 338 | |a Online-Ressource |b cr |2 rdacarrier | ||
| 648 | 7 | |a Geschichte 1949-1961 |2 gnd | |
| 648 | 7 | |a Geschichte 1949-2010 |2 gnd | |
| 650 | 7 | |a Beziehung |0 (DE-588)4145198-3 |0 (DE-603)085577189 |2 gnd | |
| 650 | 7 | |a Kollektivierung |0 (DE-588)4164682-4 |0 (DE-603)085734896 |2 gnd | |
| 650 | 7 | |a Agrarpolitik |0 (DE-588)4000771-6 |0 (DE-603)084992433 |2 gnd | |
| 651 | 7 | |a China |0 (DE-588)4009937-4 |0 (DE-603)08501933X |2 gnd | |
| 651 | 7 | |a Tschechoslowakei |0 (DE-588)4078435-6 |0 (DE-603)085222305 |2 gnd | |
| 773 | 0 | 8 | |i Enthalten in |t Cold war history |d London : Cass, 2000- |h Online-Ressource |x 1743-7962 |g Band 18, Heft 3 (2018), Seite 291-306 |w (DE-603)104512997 |w (DE-600)2077986-0 |
| 856 | |u https://doi.org/10.1080/14682745.2017.1387775 |x Verlag | ||
| 924 | 1 | |9 2080 |a (DE-603)1230283048 |b DE-2080 |c HES |d d |g / | |


